Geophysical measurements (Record no. 3127)

MARC details
000 -LEADER
fixed length control field 00651nam a2200181Ia 4500
003 - CONTROL NUMBER IDENTIFIER
control field IN-BaIIA
008 - FIXED-LENGTH DATA ELEMENTS--GENERAL INFORMATION
fixed length control field 211028s9999 xx 000 0 eng d
040 ## - CATALOGING SOURCE
Transcribing agency IIA Library
080 ## - UNIVERSAL DECIMAL CLASSIFICATION NUMBER
Universal Decimal Classification number 550.3(047.1)
Item number GEO
245 #0 - TITLE STATEMENT
Title Geophysical measurements
Remainder of title vol. 1, techniques, observational schedules and treatment of data
Statement of responsibility, etc. edited by Minnis C. M.
260 ## - PUBLICATION, DISTRIBUTION, ETC.
Place of publication, distribution, etc. Cambridge
Name of publisher, distributor, etc. MIT Press
Date of publication, distribution, etc. 1968
300 ## - PHYSICAL DESCRIPTION
Extent xviii, 398p.
490 ## - SERIES STATEMENT
Series statement Annals of the IQSY international years of the quiet sun
650 ## - SUBJECT ADDED ENTRY--TOPICAL TERM
Topical term or geographic name entry element Astronomy and astrophysics thesaurus
650 ## - SUBJECT ADDED ENTRY--TOPICAL TERM
Topical term or geographic name entry element Geophysics
9 (RLIN) 54
700 ## - ADDED ENTRY--PERSONAL NAME
Personal name Minnis C. M., ed.
9 (RLIN) 5555
942 ## - ADDED ENTRY ELEMENTS (KOHA)
Koha item type Books
Holdings
Withdrawn status Lost status Damaged status Not for loan Home library Current library Shelving location Date acquired Total Checkouts Full call number Barcode Date last seen Price effective from Koha item type
        IIA Library-Bangalore IIA Library-Bangalore General Stacks 28/11/1968   550.3(047.1)/ GEO 3478 05/11/2021 28/11/1968 Books

Powered by Koha